<?xml version="1.0" encoding="UTF-8"?>
<record
    xmlns:xsi="http://www.w3.org/2001/XMLSchema-instance"
    xsi:schemaLocation="http://www.loc.gov/MARC21/slim http://www.loc.gov/standards/marcxml/schema/MARC21slim.xsd"
    xmlns="http://www.loc.gov/MARC21/slim">

  <leader>00188nam a2200085   4500</leader>
  <controlfield tag="001">1257681</controlfield>
  <controlfield tag="005">20260218093932.0</controlfield>
  <datafield tag="245" ind1=" " ind2=" ">
    <subfield code="a">MASAL&#x130;STANBUL</subfield>
    <subfield code="c">F&#x130;GEN YAMAN CO&#x15E;AR</subfield>
  </datafield>
  <datafield tag="260" ind1=" " ind2=" ">
    <subfield code="b">ERDEM GEN&#xC7;</subfield>
  </datafield>
  <datafield tag="999" ind1=" " ind2=" ">
    <subfield code="c">1257681</subfield>
    <subfield code="d">1257681</subfield>
  </datafield>
  <datafield tag="952" ind1=" " ind2=" ">
    <subfield code="0">0</subfield>
    <subfield code="1">0</subfield>
    <subfield code="2">ddc</subfield>
    <subfield code="4">0</subfield>
    <subfield code="7">0</subfield>
    <subfield code="a">1078</subfield>
    <subfield code="b">1078</subfield>
    <subfield code="d">2026-02-18</subfield>
    <subfield code="l">0</subfield>
    <subfield code="p">10787601</subfield>
    <subfield code="r">2026-02-18 09:39:37</subfield>
    <subfield code="w">2026-02-18</subfield>
    <subfield code="y">BK</subfield>
  </datafield>
</record>
